Aston Villa Player Nicknames 🦁⚽️ - Statistics

General Stats
  • This quiz has been taken 108 times
  • The average score is 11 of 24
Answer Stats
Nickname Prime Answer % Correct
Mcginniesta 2020s John McGinn
91%
Gabby 2000s Gabriel Agbonlahor
80%
Concrete Ron 2010s Ron Vlaar
70%
Tayls 1990s Ian Taylor
67%
God 1990s Paul McGrath
66%
Uncle Albert 2010s Albert Adomah
63%
Stan 2000s Stiliyan Petrov
61%
Nobby 2000s Nolberto Solano
57%
Deano 1990s Dean Saunders
54%
Bozzie 1990s Mark Bosnich
53%
Gana 2010s Idrissa Gueye
51%
The Viking 2000s Olof Mellberg
49%
Der Hammer 2000s Thomas Hitzlsperger
48%
Hokey Cokey 2000s Nigel Reo-Coker
43%
Sir Dennis 1980s Dennis Mortimer
41%
Death and Glory (two players, name either) 1920s Tommy Mort | Tommy Smart
40%
Thor 2010s Birkir Bjarnason
39%
Sid 1980s Gordon Cowans
38%
Pongo 1930s Tom Waring
36%
Chico 1970s Ian Hamilton
20%
Useless 2000s Ulysses de la Cruz
19%
Stan 1990s Steve Staunton
17%
Stan the Wham 1950s Stan Lynn
2%
Ceefax 1990s Shaun Teale
1%
No matching quizzes found
Score Distribution
Percent of People with Each Score
Percentile by Number Answered
Your Score History
You have not taken this quiz